Zakłady linii kolejowych PKP PLK - Statystyki

Ogólne statystyki
  • Ten quiz został rozwiązany 58 razy
  • Średni wynik to 19 z 23
Statystyki odpowiedzi
Województwo Siedziba zakładu % Poprawnych
małopolskie Kraków
98%
łódzkie Łódź
98%
opolskie Opole
98%
dolnośląskie Wrocław
98%
podlaskie Białystok
96%
pomorskie Gdynia
96%
świętokrzyskie Kielce
96%
lubelskie Lublin
96%
wielkopolskie Poznań
96%
kujawsko-pomorskie Bydgoszcz
94%
warmińsko-mazurskie Olsztyn
94%
zachodniopomorskie Szczecin
92%
mazowieckie Warszawa
92%
lubuskie Zielona Góra
92%
podkarpackie Rzeszów
85%
śląskie Częstochowa
75%
mazowieckie Siedlce
69%
świętokrzyskie Skarżysko-Kamienna
69%
śląskie Sosnowiec
67%
dolnośląskie Wałbrzych
67%
małopolskie Nowy Sącz
63%
wielkopolskie Ostrów Wielkopolski
56%
śląskie Tarnowskie Góry
48%
Nie znaleziono quizów pasujących do podanych kryteriów
Rozkład punktacji
Procent ludzi z każdym wynikiem
Percentyl według liczby udzielonych odpowiedzi
Twoja historia wyników
Nie rozwiązałeś tego quizu